Statistics for Island Geography by Letter – D

Click here to take the quiz!

General Stats

  • This quiz has been taken 95 times
  • The average score is 8 of 16

Answer Stats

HintAnswer% Correct
Irish capitalDublin
100%
Its flag contains seven colours, including purpleDominica
98%
Country sharing Hispaniola with HaitiDominican Republic
97%
The islands Sjælland and Lolland are part of this countryDenmark
94%
Biggest city in Timor-LesteDili
81%
Scottish city at the mouth of the River TayDundee
72%
Capital of BaliDenpasar
69%
Second largest city on the South Island of New ZealandDunedin
55%
Major city in the southern PhilippinesDavao City
43%
Sparsely habited island north of Baffin IslandDevon Island
20%
Small Greek island once home to the treasury of the Athenian LeagueDelos
17%
Third largest city in TasmaniaDevonport
8%
Aleutian town on which a battle took place in 1942Dutch Harbour
6%
Japanese archipelago to the southeast of OkinawaDaito Islands
5%
Chilean Archipelago south of Cape HornDiego Ramirez Islands
2%
Island separated from New Guinea by the narrow Muli StraitDolok
2%

Score Distribution

Percentile by Number Answered

Percent of People with Each Score

Your Score History

You have not taken this quiz